Dibujo geométrico : làminas làminas
Publicado:
Barcelona :
Escuela Elemental del Trabajo de la Diputación Provincial de Barcelona (E.E.T. Artes Gráficas ,
1950
Descripción Física:
[28] p. de làm. ; 21 cm
Otros Autores:
Escola Elemental del Treball (Barcelona)
Materias:
Dibuix lineal
MARC
| LEADER | 00000nam a2200000Ia 4500 | ||
|---|---|---|---|
| 001 | 1986 | ||
| 008 | 160829s1950) xx 000 0 cat d | ||
| 080 | |a FU-5-44 | ||
| 245 | |a Dibujo geométrico : |b làminas | ||
| 260 | |a Barcelona : |b Escuela Elemental del Trabajo de la Diputación Provincial de Barcelona (E.E.T. Artes Gráficas, |c 1950) | ||
| 300 | |a [28] p. de làm. ; |c 21 cm | ||
| 650 | 0 | |a Dibuix lineal |9 20008 | |
| 700 | |a Escola Elemental del Treball (Barcelona) |9 55345 | ||
| 856 | 4 | |u https://media.diba.cat/diba/fitxers/arxiu/fulletons/bib_1986_baixa.pdf |y Accés lliure | |
| 856 | 4 | |u https://media.diba.cat/diba/fitxers/arxiu/fulletons/bib_1986_baixa.pdf |y Accés lliure | |
| 901 | |a Arxiu | ||
| 942 | |n 1 |2 udc | ||
| 952 | |0 0 |1 0 |4 0 |6 FU544 |7 1 |9 48552 |a Arxiu |b Arxiu |d 2016-12-01 |l 0 |o FU-5-44 |p 1986 |r 2016-12-01 00:00:00 |w 2016-12-01 |y ARXIU | ||
| 999 | |c 52381 |d 52381 | ||
| 900 | |a bib_1986_baixa.pdf | ||